| 000 | 00897nam a2200205Ii 4500 | ||
|---|---|---|---|
| 003 | JO-AjNU | ||
| 008 | 230605s9999||||xx |||||||||||||| ||und|| | ||
| 040 |
_aJO-AjNU _bara _erda _cJO-AjNU |
||
| 041 | _aara | ||
| 050 | 1 | 4 | _aHD29 2012 |
| 100 | 3 |
_a.النعيمي، صلاح عبد القادر.....واخرون , _eauthor _934447 |
|
| 245 | 0 | 0 | _aالاداء الاستراتيجي في المنظمات العامة والخاصة: بحوث محكمة ومنتقاة |
| 264 | 3 | 1 | _aالقاهرة: المنظمة العربية للتنمية الادارية، 2012 |
| 300 |
_a230ص _bيحتوي على ببلوغرافية من 227-230ص |
||
| 336 |
_atext _btxt _2rdacontent |
||
| 337 |
_aunmediated _bn _2rdamedia |
||
| 338 |
_avolume _bnc _2rdacarrier |
||
| 490 | 0 | _aبحوث ودراسات ؛ 484 | |
| 650 | 4 |
_a النجاح الاداري- التخطيط الاستراتيجي _934448 |
|
| 999 |
_aA14126 _c17694 _d17694 |
||